000 00627cam a22002052 4500
001 0000018636
005 20151217145906.0
008 100224s xx 000 0 eng d
020 _a8174731326 :
040 _aKABU
_cKABU
100 1 _aHudson, William Henry.
_@0000177955
245 1 3 _aAn Outline history of English literature /
_cWilliam Henry Hudson.
250 _aLatest ed.
260 _aNew Delhi :
_bAITBS,
_c2006.
300 _avii, 319 p.
650 0 _aEnglish literature
_xHistory and criticism.
_@0000152211
852 1 _9p205 KES
908 _a100224
950 _@1
999 _c3778
_d3778